| 000 | 01187cam a22003497a 4500 | ||
|---|---|---|---|
| 003 | CHAP | ||
| 005 | 20220329133510.0 | ||
| 008 | 971013s1990 r 00010 d | ||
| 010 | _a7098 | ||
| 011 | _a8070 | ||
| 035 | _a7295 | ||
| 040 | _cCHAP | ||
| 082 |
_a543.3 _bS5Y |
||
| 100 | 0 | 0 |
_aSnoeyink, Vernon L. _9107236 |
| 245 | 0 | _aQuímica del agua | |
| 260 |
_aMéxico, D.F. : _bLimusa, _c1990 |
||
| 300 |
_a508 p. _b: ilus. ; gráfs. |
||
| 590 |
_aBATCH-UPD _b10 _c20130110 _lUCH01 _h1239 |
||
| 590 |
_aBATCH-UPD _b10 _c20130410 _lUCH01 _h0806 |
||
| 590 |
_aBATCH-UPD _b10 _c20130913 _lUCH01 _h2240 |
||
| 590 |
_aCONVERSION _b10 _c20130109 _lUCH01 _h1305 |
||
| 650 | 1 | 4 |
_aAgua _xAnálisis. _92280 |
| 650 | 1 | 4 |
_aAgua _xContaminación. _92351 |
| 650 | 1 | 4 |
_aAgua _xQuimica de. _92399 |
| 650 | 1 | 4 |
_aAguas residuales _xAnalisis. _92584 |
| 700 | 0 |
_aJenkins, David. _961309 |
|
| 901 | _aBK | ||
| 942 | _cLIBRO | ||
| 949 |
_a543.3 S5Y _bBC _cLIBRO _d33724000643268 _eLIBRO _gI. c/e _h83193 _i7295 _si _t24.00 |
||
| 949 |
_a543.3 S5Y _bBC _cLIBRO _d33724000777876 _eLIBRO _fc.2 _gI.203198 _h97728 _i7295 _si _t$123.00 |
||
| 949 |
_a543.3 S5Y _bBC _cLIBRO _d33724000793378 _eLIBRO _fc.3 _gI.208366 _h99074 _i7295 _si _t$123.00 |
||
| 999 |
_c7098 _d7098 |
||